Seychelles musiques oubliees "des iles" : danses et pomances de l'ancienne France
Αποθηκεύτηκε σε:
| Μορφή: | CD Ηχητικό |
|---|---|
| Γλώσσα: | French |
| Δημοσίευση: |
Paris :
Ocora,
1989
|
| Θέματα: | |
| Ετικέτες: |
Προσθήκη ετικέτας
Δεν υπάρχουν, Καταχωρήστε ετικέτα πρώτοι!
|
MARC
| LEADER | 00000njm a2200000 i 4500 | ||
|---|---|---|---|
| 001 | 1/47300 | ||
| 007 | sd fs gn m ed | ||
| 008 | 070702s1989 fr fre d | ||
| 028 | 0 | 1 | |a C559055 |b Ocora |
| 035 | |l 10088605 | ||
| 040 | |a GR-MY-UA |b gre |e aacr | ||
| 041 | 0 | |a fre | |
| 082 | 0 | |a 784.48 |2 (22η εκδ.) | |
| 245 | 1 | 0 | |a Seychelles |h [ηχογράφηση] : |b musiques oubliees "des iles" : danses et pomances de l'ancienne France |
| 260 | |a Paris : |b Ocora, |c 1989 | ||
| 300 | |a 1 δίσκος CD (75,45 λ.); |b ψηφιακός, στέρεο; |c 4 3/4 | ||
| 505 | 0 | |a Moi Wilison .--Pardon mon mari pas battre moi comme ca .-- Faida .-- Rosalie content capitaine .-- Dodo baba .-- Clementine .-- Lulu lumulaka .-- Mutia .-- Mon moulin pas moulin a coprah (mutia) .-- La bouette finie tomber (mutia) .--Nambat la sizani .-- O silhouette .-- Alitoto .-- Dzindzin kololo .-- Sokwe .-- Valse .-- Kotis .-- Polka .-- Mazok .-- Contredanse avant-quatre .-- Contredanse avant-deux .-- Romance (vouz avez la beaute qui grise). | |
| 650 | 0 | 0 | |a Folk songs, Creole |z Seychelles. |
| 650 | 0 | 0 | |a Folk music |z Seychelles. |
| 650 | 0 | 0 | |a Folk dance music |z Seychelles. |
| 852 | |a INST |b SAMOS |c AV |e 20070702 |h 784.48 SEY |p 005300015617 |q 005300015617 |t CD |y 23 | ||
| 901 | |a BIBL3-2006-1 | ||
| 909 | |a Σ |b 039534 | ||
| 922 | |a 3ΕΛΗ |b 199812 |c ΤΜΗΜΑ ΜΑΘΗΜΑΤΙΚΩΝ |d ΛΕΣΧΗ ΔΙΣΚΟΥ | ||
| 970 | |a ΒΛΑΧΟΥ |b ΒΑΣΙΛΙΚΗ |z 2007/07/02 | ||